Rozdiely medzi britským a francúzskym kolonializmom v subsaharskej Afrike

Porovnanie vplyvu britského a francúzskeho kolonializmu na súčasnú situáciu v štátoch subsaharskej Afriky. Testovanie troch hypotéz stanovených na základe obdornej literatúry. Oblasť demokracie, ekonomickej úrovne a úrovne vzdelania.

Salvato in:
Dettagli Bibliografici
Autore principale: Hlavová, Natália, 1991-
Natura: Capitolo di libro
Lingua:slovacco
Soggetti:
Tags: Aggiungi Tag
Nessun Tag, puoi essere il primo ad aggiungerne!!

MARC

LEADER 00000nla a2200000 4500
001 0240612
005 20240502073920.3
041 0 |a slo 
044 |a SK 
245 1 0 |a Rozdiely medzi britským a francúzskym kolonializmom v subsaharskej Afrike  |c Natália Hlavová 
520 |a Porovnanie vplyvu britského a francúzskeho kolonializmu na súčasnú situáciu v štátoch subsaharskej Afriky. Testovanie troch hypotéz stanovených na základe obdornej literatúry. Oblasť demokracie, ekonomickej úrovne a úrovne vzdelania. 
610 2 0 |a kolonializmus 
610 2 0 |a Veľká Británia 
610 2 0 |a Subsahara 
610 2 0 |a Francúzsko 
610 2 0 |a vzťahy medzinárodné 
100 1 |a Hlavová, Natália, 1991-